Learning in the field : an introduction to qualitative research /

Bibliographic Details
Main Author: Rossman, Gretchen B.
Other Authors: Rallis, Sharon F.
Format: Book
Language:English
Published: Thousand Oaks, Calif. : Sage Publications, [1998]
Subjects:

MARC

Tag First Indicator Second Indicator Subfields
LEADER 00000cam a2200000 a 4500
001 in00001481908
005 20151021063135.0
008 970924s1988 cau b 001 0 eng
010 |a  97033901  
015 |a GB98-39164 
019 |a 39216819 
020 |a 0761903526 (cloth : acid-free paper) 
020 |a 0761903534 (pbk. : acid-free paper) 
035 |a (OCoLC)37742214 
035 |9 AJG3423AM 
040 |a DLC  |c DLC  |d UKM  |d TXA  |d UtOrBLW 
049 |a TXAM 
050 0 0 |a H62  |b .R667 1998 
082 0 0 |a 300/.72  |2 21 
100 1 |a Rossman, Gretchen B. 
245 1 0 |a Learning in the field :  |b an introduction to qualitative research /  |c Gretchen B. Rossman & Sharon F. Rallis. 
264 1 |a Thousand Oaks, Calif. :  |b Sage Publications,  |c [1998] 
264 4 |c ©1998 
300 |a xiv, 271 pages ;  |c 24 cm. 
336 |a text  |b txt  |2 rdacontent 
337 |a unmediated  |b n  |2 rdamedia 
338 |a volume  |b nc  |2 rdacarrier 
504 |a Includes bibliographical references (pages 258-262) and index. 
650 0 |a Social sciences  |x Research  |x Methodology. 
650 0 |a Qualitative reasoning. 
700 1 |a Rallis, Sharon F. 
948 |a c:pk 
999 |a MARS 
999 f f |s d391bc9c-02bb-311a-a495-4537b8f32d0d  |i 2a175fe3-178c-35f7-997d-3f804674ab6d  |t 0 
952 f f |p ric  |a Texas A&M University  |b Rellis Campus  |c Joint Library Facility  |d Remote Storage  |t 0  |e H62 .R667 1998  |h Library of Congress classification  |i unmediated -- volume  |m A14825103985 
998 f f |a H62 .R667 1998  |t 0  |l Remote Storage